00686pam a2200229 a 45000010008000000030004000080050017000120080041000290100017000700200025000870200032001120400018001440500024001620820013001861000028001992450092002272600046003193000021003656500025003866500026004117000019004371460730OSt20230620082713.0860409s1986 nyu 000 0 eng  a 86010074  a0873323688 :c$30.00 a0873323696 (pbk.) :c$12.95 aDLCcDLCdDLC00aJX1974.7b.F38 198600a320bFEH1 aFehér, Ferenc,d1933-10aDoomsday or deterrence? :bon the antinuclear issue /cFerenc Fehér and Agnes Heller. aArmonk, N.Y. :bM.E. Sharpe, Inc.cc1986. a154 p. ;c24 cm. 0aNuclear disarmament. 0aAntinuclear movement.1 aHeller, Agnes.